| 000 | 00397nam a2200121 a 4500 | ||
|---|---|---|---|
| 005 | 20140414132001.0 | ||
| 008 | 100719s19uu xx 00 eng d | ||
| 050 |
_aER _bF44 2001 |
||
| 100 | _aCorey, Shana | ||
| 245 |
_aFirst graders from Mars Episode 3 : _bNegal and the great space race / _cstory by Shana Corey; pictures by Mark Teague. |
||
| 260 |
_aNew York : _bScholastic Inc. |
||
| 999 |
_c113071 _d113071 |
||